| 000 | 00499nam a2200181Ia 4500 | ||
|---|---|---|---|
| 005 | 20250508152711.0 | ||
| 008 | 008 250505s9999 xx 000 0 eng d | ||
| 037 | _aTextual | ||
| 040 |
_aFEDL _beng _cFEDL |
||
| 041 |
_aeng _2eng |
||
| 084 |
_a915.4, RIE _qFEDL |
||
| 100 |
_aRiencourt Amaury De _9463467 |
||
| 245 | 0 | _aSoul of India | |
| 260 |
_aNew York, USA _bHarper and Brothers Publishers _c1960 |
||
| 300 | _a431p. | ||
| 942 |
_cTEXL _h915.4, RIE |
||
| 999 |
_c1338134 _d1338134 |
||